[Event "Lomza op"]
[Site "Lomza"]
[Date "2010.08.29"]
[Round "7.1"]
[White "Michalak, Robert"]
[Black "Hasanov, Sahib"]
[Result "1/2-1/2"]
[WhiteElo "1808"]
[BlackElo "2046"]
[PlyCount "117"]
[EventDate "2010.08.24"]
[EventType "swiss"]
[EventRounds "9"]
[EventCountry "POL"]
[SourceTitle "EXT 2023"]
[Source "ChessBase"]
[SourceDate "2022.10.05"]
[SourceVersion "1"]
[SourceVersionDate "2022.10.05"]
[SourceQuality "1"]

1. d4 d6 2. Bg5 c6 3. c3 Nd7 4. e3 Ngf6 5. Bd3 h6 6. Bh4 e5 7. Nd2 Be7 8. Ngf3 0-0 9. Qb3 a5 10. a3 a4 11. Qc2 Re8 12. 0-0 g5 13. Bg3 Nh5 14. dxe5 Nxg3 15. hxg3 Nxe5 16. Nxe5 dxe5 17. Rad1 Qc7 18. Bf5 Bxf5 19. Qxf5 Qc8 20. Qxc8 Raxc8 21. Nc4 b5 22. Nd6 Bxd6 23. Rxd6 Kg7 24. Rfd1 Re7 25. Kf1 f6 26. Ke2 Rcc7 27. e4 h5 28. Ke3 Kg6 29. Ke2 h4 30. g4 Kf7 31. Rd8 Re8 32. R8d6 Ke7 33. Ke3 h3 34. gxh3 Rh8 35. f3 Rxh3 36. Rd8 Rh2 37. R8d2 Rxd2 38. Rxd2 Rc8 39. Rd1 Rh8 40. Rd2 Rh1 41. Ke2 Rb1 42. Ke3 Rc1 43. Ke2 c5 44. Ke3 b4 45. cxb4 cxb4 46. axb4 Rc4 47. Ke2 Rxb4 48. Kf2 Ke6 49. Ke2 Rd4 50. Ke3 Rxd2 51. Kxd2 Kd6 52. Kd3 Kc5 53. Kc3 Kb5 54. b4 a3 55. Kb3 a2 56. Kxa2 Kxb4 57. Kb2 Kc4 58. Kc2 Kd4 59. Kd2 1/2-1/2

[Event "Warsaw FIDE op"]
[Site "Warsaw"]
[Date "2010.08.08"]
[Round "4"]
[White "Michalak, Robert"]
[Black "Rozycki, Bartlomiej"]
[Result "1-0"]
[WhiteElo "1808"]
[BlackElo "1748"]
[PlyCount "85"]
[EventDate "2010.08.06"]
[EventType "swiss"]
[EventRounds "5"]
[EventCountry "POL"]
[SourceTitle "CBM 138 Extra"]
[Source "ChessBase"]
[SourceDate "2010.10.29"]
[SourceVersion "1"]
[SourceVersionDate "2010.10.29"]
[SourceQuality "1"]

1. d4 d5 2. Bg5 Nf6 3. e3 e6 4. Bd3 Nbd7 5. f4 Be7 6. Nd2 c5 7. c3 c4 8. Bc2 b5 9. a3 a5 10. Ngf3 Bb7 11. 0-0 Ng4 12. Bxe7 Qxe7 13. Qe2 Ngf6 14. Ne5 a4 15. Rf3 0-0-0 16. Raf1 g6 17. R3f2 h5 18. e4 Rdf8 19. h3 Rh7 20. Nxd7 Nxd7 21. exd5 Bxd5 22. f5 Rg8 23. fxg6 fxg6 24. Be4 Rhg7 25. Re1 Kd8 26. Qf1 Qh4 27. Bxd5 exd5 28. Nf3 Qf6 29. Ne5 Qh4 30. Nxd7 Rxd7 31. Rf8+ Rxf8 32. Qxf8+ Kc7 33. Qc5+ Kd8 34. Qb6+ Kc8 35. Re8+ Rd8 36. Qc6+ Kb8 37. Qxb5+ Kc8 38. Qc6+ Kb8 39. Qb6+ Kc8 40. Qa6+ Kb8 41. Re6 Qf4 42. Rb6+ Kc7 43. Qb7# 1-0

[Event "Bialystok qual"]
[Site "Bialystok"]
[Date "2009.11.07"]
[Round "6"]
[White "Michalak, Robert"]
[Black "Ryszkiewicz, Adam"]
[Result "1/2-1/2"]
[WhiteElo "1839"]
[BlackElo "1900"]
[PlyCount "82"]
[EventDate "2009.11.07"]
[EventType "swiss"]
[EventRounds "9"]
[EventCountry "POL"]
[SourceTitle "EXT 2012"]
[Source "ChessBase"]
[SourceDate "2011.11.24"]
[SourceVersion "1"]
[SourceVersionDate "2011.11.24"]
[SourceQuality "1"]

1. d4 Nf6 2. Bg5 h6 3. Bh4 g5 4. Bg3 d6 5. e3 Bg7 6. Bd3 d5 7. Nd2 Nc6 8. c3 Bg4 9. f3 Bh5 10. Qc2 Qd7 11. Ne2 e6 12. b4 Ne7 13. 0-0 Bg6 14. a4 h5 15. Bxg6 Nxg6 16. e4 h4 17. Bf2 c6 18. e5 Nh5 19. Nb3 Nhf4 20. Nc5 Qc7 21. Be3 Bh6 22. Qd2 Qe7 23. a5 a6 24. Rae1 0-0-0 25. Rf2 Rdg8 26. h3 Nxe2+ 27. Qxe2 Qd8 28. Qd2 Ne7 29. Nd3 Nf5 30. Rfe2 Nxe3 31. Rxe3 g4 32. fxg4 Bxe3+ 33. Qxe3 Qe7 34. Rf1 Rg7 35. Nf4 Qg5 36. Qf2 Kd7 37. Nh5 Rxh5 38. gxh5 Qxh5 39. Kh1 Qg5 40. Qf3 Ke8 41. Rf2 Qc1+ 1/2-1/2

[Event "POL-chT 2nd League"]
[Site "Ustron"]
[Date "2008.09.11"]
[Round "5.100"]
[White "Sron, Przemyslaw"]
[Black "Michalak, Robert"]
[Result "0-1"]
[WhiteElo "1893"]
[BlackElo "1831"]
[PlyCount "158"]
[EventDate "2008.09.06"]
[EventType "team-swiss"]
[EventRounds "9"]
[EventCountry "POL"]
[SourceTitle "EXT 2015"]
[Source "ChessBase"]
[SourceDate "2014.11.20"]
[SourceVersion "1"]
[SourceVersionDate "2014.11.20"]
[SourceQuality "1"]
[WhiteTeam "Poznan Komandoria"]
[BlackTeam "Lomza Devo Maraton"]
[WhiteTeamCountry "POL"]
[BlackTeamCountry "POL"]

1. c4 c5 2. Nc3 Nc6 3. g3 g6 4. e3 Bg7 5. Nge2 Ne5 6. Nf4 d6 7. d3 Bg4 8. Be2 Bxe2 9. Qxe2 Nc6 10. 0-0 Nf6 11. a3 0-0 12. Rb1 a5 13. Bd2 e6 14. Qe1 Ne5 15. Qe2 d5 16. Nb5 dxc4 17. d4 cxd4 18. exd4 Nc6 19. Qxc4 Rc8 20. Bc3 Nd5 21. Nxd5 exd5 22. Qd3 Re8 23. Rfe1 Qd7 24. Qd2 b6 25. a4 h5 26. Kg2 f5 27. Qf4 Re4 28. Qd6 Qxd6 29. Nxd6 Rxe1 30. Rxe1 Rf8 31. Nb5 Kf7 32. Kf3 Rd8 33. Re3 g5 34. Ke2 g4 35. Kd3 Bh6 36. Re2 f4 37. Bd2 f3 38. Re1 Bxd2 39. Kxd2 Rd7 40. Kc3 Rd8 41. Rc1 Kf6 42. Kd2 Nb4 43. Rc7 Re8 44. Nc3 Re6 45. Rh7 Kg6 46. Rd7 Na2 47. Nxa2 Re2+ 48. Kd3 Rxf2 49. Rd6+ Kf7 50. Rxd5 Rxh2 51. Nc3 Kg6 52. Ne4 Rxb2 53. Rd6+ Kg7 54. Rf6 Rb3+ 55. Kd2 Rb4 56. Ke3 Rb3+ 57. Kf4 f2 58. Ke5 h4 59. gxh4 g3 60. Rf4 Re3 61. Rg4+ Kh6 62. Rxg3 Rxe4+ 63. Kxe4 f1Q 64. Rf3 Qe1+ 65. Re3 Qxh4+ 66. Kd5 Qd8+ 67. Kc4 Qd7 68. Re5 Qxa4+ 69. Kd5 Qd7+ 70. Ke4 a4 71. d5 Qg4+ 72. Kd3 Qg3+ 73. Re3 Qg1 74. Re6+ Kg5 75. Re5+ Kf6 76. Re6+ Kf5 77. Re8 Qc5 78. Rd8 a3 79. Ke2 a2 0-1